000
00340pab a2200145 454500
008
180718b1983 xxu||||| |||| 00| 0 eng d
100
_a
Thomas, Jos
245
_a
Local government and people's power
260
_c
1983
300
_a
30
362
_a
2 July
650
_a
Local Government - India
773
_a
Mainstream
909
_a
12748
999
_c
12748
_d
12748